000 00290nam a22001217a 4500
008 180829b xxu||||| |||| 00| 0 eng d
041 _aeng
080 _a510
100 _a36
101 _aMUR
245 _aComputing Applications to Differential Equations
_cDanby, J.M.A
942 _2udc
_cBK
999 _c47383
_d47383